000
00373nam a22001577a 4500
003
MPLRDC
005
20220104142701.0
008
210129b ||||| |||| 00| 0 eng d
082
_a
292.91 SLY c.2
100
_a
宋凌云
245
_a
测字玄谭
_c
260
_a
_b
希代书版公司
_c
1982
300
_b
平
650
_a
占卜--测字
942
_c
BK
_o
292.91 SLY c.2
999
_c
32875
_d
32865